00978nam a2200265 a 450000100100000000500170001000800410002704000250006804100380009308200150013110000290014624000300017524501150020526000400032030000210036050400740038153400810045550000210053665000220055765000330057970000330061270000410064504900090068699900170069500002095520260114102846.0100824s1975 mx r 001 0 spa d aDO-SdBNPbspacBNPHU17aspaheng2Código de idioma MARC a150bH656m1 aHilts, Philip J.,94388810aBehavior mod.lEspañol.10aModificación de la conducta / :bPhilip J. Hilts ; traducción por Antonio Ribera y José Manuel Balaguer. aMéxico :bLogos Consorcio,c1975. a209 p. ;c23 cm. aIncluye referencias bibliográficas y notas al pie de las páginas. pTítulo original en inglés:tBehavior mod.cNew York : Harper & Row, 1974 aIncluye índice 0aPsicología9152 0aConducta (Psicología)96731 aRibera, Antonio,etr.9125031 aBalaguer, José Manuel,etr.910618 aBNGR c20458d20458